000 00459nam a2200169 a 4500
001 29150
005 20180713232140.0
008 140415s1995 000 0 spa d
020 _a9701006542
041 _aspa
082 _a302.23011
_bHER
100 1 _aDE LA TORRE, FRANCISCO JAVIER
245 1 0 _aTALLER DE ANÁLISIS DE LA COMUNICACIÓN
250 _a1a ed.
260 _a[s.l.] :
_bMC GRAW HILL,
_c1995
300 _a1997
_c19 x 1 x 23
999 _c29150
_d29150